Construction Mangement 2nd ed. (Record no. 2047)
[ view plain ]
| 000 -LEADER | |
|---|---|
| fixed length control field | 00278nam a2200109Ia 4500 |
| 008 - FIXED-LENGTH DATA ELEMENTS--GENERAL INFORMATION | |
| fixed length control field | 200302s9999 xx 000 0 und d |
| 100 ## - MAIN ENTRY--PERSONAL NAME | |
| Personal name | Daniel W. Halpin & Other |
| 245 ## - TITLE STATEMENT | |
| Title | Construction Mangement 2nd ed. |
| 260 ## - PUBLICATION, DISTRIBUTION, ETC. | |
| Name of publisher, distributor, etc. | John Wiley & Sons Inc. |
| 260 ## - PUBLICATION, DISTRIBUTION, ETC. | |
| Date of publication, distribution, etc. | 1998 |
| 300 ## - PHYSICAL DESCRIPTION | |
| Extent | 444 P., |
| Withdrawn status | Lost status | Damaged status | Not for loan | Permanent Location | Current Location | Date acquired | Cost, normal purchase price | Full call number | Barcode | Date last seen | Price effective from | Koha item type | Source of classification or shelving scheme |
|---|---|---|---|---|---|---|---|---|---|---|---|---|---|
| BMS College of Architecture, Design and Planning | BMS College of Architecture, Design and Planning | 2020-03-03 | 5138.55 | 624.068 | CL-UG43654 | 2020-03-03 | 2020-03-03 | UG Books from CL | |||||
| BMS College of Architecture, Design and Planning | BMS College of Architecture, Design and Planning | 2021-02-23 | 624.068 HAL | AR-PG397 | 2021-02-23 | 2021-02-23 | PG Books | ||||||
| BMS College of Architecture, Design and Planning | BMS College of Architecture, Design and Planning | 2021-02-23 | 624.068 HAL | AR-PG398 | 2023-03-31 | 2021-02-23 | PG Books |